[Event "Lvov Privalov Memorial"]
[Site "Lvov"]
[Date "2014.10.31"]
[Round "7"]
[White "Sabuk, Piotr"]
[Black "Shaydurov, Oleg"]
[Result "1-0"]
[WhiteElo "2303"]
[BlackElo "1987"]
[PlyCount "82"]
[EventDate "2014.10.28"]
[EventType "tourn"]
[EventRounds "9"]
[EventCountry "UKR"]
[SourceTitle "EXT 2015"]
[Source "ChessBase"]
[SourceDate "2014.11.20"]
[SourceVersion "1"]
[SourceVersionDate "2014.11.20"]
[SourceQuality "1"]

1. d4 Nf6 2. c4 e6 3. g3 b6 4. Bg2 d5 5. Nf3 Bb7 6. 0-0 Nbd7 7. cxd5 exd5 8. Nc3 Be7 9. Bf4 a6 10. Ne5 0-0 11. Qb3 Nxe5 12. dxe5 Ne4 13. Nxe4 dxe4 14. Rfd1 Qc8 15. Qc2 f5 16. exf6 Bxf6 17. Rac1 c5 18. Qb3+ Kh8 19. Qxb6 Be7 20. Rc4 Qc6 21. Qxc6 Bxc6 22. Bxe4 Bxe4 23. Rxe4 Bf6 24. b3 Rfd8 25. Rc1 Rdc8 26. Be3 Kg8 27. Rxc5 Kf7 28. Rec4 Rxc5 29. Bxc5 Ke6 30. e4 g5 31. f4 gxf4 32. gxf4 Rd8 33. Be3 Rd1+ 34. Kf2 Bh4+ 35. Kf3 Rh1 36. Rc6+ Kd7 37. Rxa6 Rxh2 38. Ra7+ Kd6 39. Rxh7 Rh3+ 40. Ke2 Rh2+ 41. Kd3 Rh3 1-0